[Event "Maastricht Limburg op-B 8th"]
[Site "Maastricht"]
[Date "2014.06.09"]
[Round "6"]
[White "Verhoef, Pieter"]
[Black "Verheij, Albert"]
[Result "1-0"]
[WhiteElo "1893"]
[BlackElo "1850"]
[PlyCount "92"]
[EventDate "2014.06.06"]
[EventType "swiss"]
[EventRounds "7"]
[EventCountry "NED"]
[SourceTitle "EXT 2015"]
[Source "ChessBase"]
[SourceDate "2014.11.20"]
[SourceVersion "1"]
[SourceVersionDate "2014.11.20"]
[SourceQuality "1"]

1. e4 d6 2. d4 Nf6 3. Nc3 g6 4. Nf3 Bg7 5. h3 0-0 6. Be3 Nc6 7. Qd2 Re8 8. Bh6 Bxh6 9. Qxh6 e5 10. d5 Nd4 11. 0-0-0 Nxf3 12. gxf3 Nh5 13. Bd3 Qh4 14. Ne2 Qf6 15. Qe3 Nf4 16. h4 Bd7 17. h5 Nxe2+ 18. Qxe2 g5 19. h6 Kh8 20. Rdg1 Rg8 21. Rg3 Rg6 22. Rhg1 Rag8 23. b3 Rxh6 24. Qe3 Rhg6 25. Qxa7 Bc8 26. Qa5 Qe7 27. Qd2 h5 28. Rh1 h4 29. a4 Kg7 30. Rgg1 Kf8 31. Kb2 g4 32. fxg4 Bxg4 33. Qe1 Bf3 34. Rxg6 fxg6 35. Rh3 Bg4 36. Rh2 g5 37. b4 Bf3 38. Qe3 Bg4 39. a5 Bc8 40. b5 Qf6 41. f3 g4 42. fxg4 Rxg4 43. a6 bxa6 44. bxa6 Rg3 45. Qa7 Rxd3 46. cxd3 Qf4 1-0

[Event "Maastricht Limburg op-B 8th"]
[Site "Maastricht"]
[Date "2014.06.07"]
[Round "2"]
[White "Been, Klaas"]
[Black "Verheij, Albert"]
[Result "0-1"]
[WhiteElo "1799"]
[BlackElo "1850"]
[PlyCount "77"]
[EventDate "2014.06.06"]
[EventType "swiss"]
[EventRounds "7"]
[EventCountry "NED"]
[SourceTitle "EXT 2015"]
[Source "ChessBase"]
[SourceDate "2014.11.20"]
[SourceVersion "1"]
[SourceVersionDate "2014.11.20"]
[SourceQuality "1"]

1. d4 e6 2. Nf3 f5 3. e3 Nf6 4. Nbd2 d5 5. c4 c6 6. Be2 Bd6 7. b3 0-0 8. Bb2 Nbd7 9. 0-0 Ng4 10. h3 Ngf6 11. Ne5 Ne4 12. Kh2 Qf6 13. f4 Qh4 14. Nxe4 fxe4 15. g3 Qh6 16. Ng4 Qg6 17. Ne5 Nxe5 18. fxe5 Rxf1 19. Qxf1 Be7 20. Re1 Bd7 21. Qg1 Rf8 22. Rf1 Rf5 23. Rxf5 exf5 24. Qf2 Qh6 25. Bf1 Qe6 26. Bc1 h5 27. h4 g5 28. Bh3 dxc4 29. b4 g4 30. Bf1 c3 31. a3 Qb3 32. Qe1 Be6 33. Be2 a5 34. Qd1 Qa2 35. Kg1 axb4 36. axb4 Bxb4 37. Qe1 b5 38. Qf2 Be7 39. d5 0-1